Health systems in transition : (Record no. 452)

000 -LEADER
fixed length control field 01233cam a22003617a 4500
001 - CONTROL NUMBER
control field 9872750
003 - CONTROL NUMBER IDENTIFIER
control field LIBRIS
005 - DATE AND TIME OF LATEST TRANSACTION
control field 20241031090143.0
008 - FIXED-LENGTH DATA ELEMENTS--GENERAL INFORMATION
fixed length control field 050503s2004 dk |||||||||||000 0|eng|c
020 ## - INTERNATIONAL STANDARD BOOK NUMBER
International Standard Book Number 9289010975
035 ## - SYSTEM CONTROL NUMBER
System control number b-04-00754
040 ## - CATALOGING SOURCE
Original cataloging agency Ch
Description conventions a
Transcribing agency DLC
041 ## - LANGUAGE CODE
Language code of text/sound track or separate title eng
080 ## - UNIVERSAL DECIMAL CLASSIFICATION NUMBER
Universal Decimal Classification number 614
Item number H-43
100 ## - MAIN ENTRY--PERSONAL NAME
9 (RLIN) 359
Personal name Figueras,Josep
Relator term editor
245 10 - TITLE STATEMENT
Title Health systems in transition :
Remainder of title learning from experience /
Statement of responsibility, etc. edited by Josep Figueras ..
260 ## - PUBLICATION, DISTRIBUTION, ETC.
Place of publication, distribution, etc. Copenhagen :
Name of publisher, distributor, etc. WHO Regional Office for Europe,
Date of publication, distribution, etc. 2004
300 ## - PHYSICAL DESCRIPTION
Extent 152 s.
Other physical details ill.
650 #2 - SUBJECT ADDED ENTRY--TOPICAL TERM
Topical term or geographic name entry element Delivery of Health Care
650 #2 - SUBJECT ADDED ENTRY--TOPICAL TERM
Topical term or geographic name entry element Health Care Reform
650 #2 - SUBJECT ADDED ENTRY--TOPICAL TERM
Topical term or geographic name entry element Health Care Sector
General subdivision organization & administration
651 #4 - SUBJECT ADDED ENTRY--GEOGRAPHIC NAME
Geographic name Europe, Eastern
653 ## - INDEX TERM--UNCONTROLLED
Uncontrolled term ჯანდაცვა
700 1# - ADDED ENTRY--PERSONAL NAME
Personal name Figueras, Josep
700 ## - ADDED ENTRY--PERSONAL NAME
Personal name McKee, martin
9 (RLIN) 361
700 ## - ADDED ENTRY--PERSONAL NAME
Personal name Lessof, Suszy
9 (RLIN) 364
700 ## - ADDED ENTRY--PERSONAL NAME
Personal name Cain, Jenifer
9 (RLIN) 362
710 2# - ADDED ENTRY--CORPORATE NAME
Corporate name or jurisdiction name as entry element European Observatory on Health Systems and Policies
710 1# - ADDED ENTRY--CORPORATE NAME
Corporate name or jurisdiction name as entry element World Health Organization
Subordinate unit Regional Office for Europe
856 41 - ELECTRONIC LOCATION AND ACCESS
Uniform Resource Identifier <a href="http://www.euro.who.int/document/E83108.pdf">http://www.euro.who.int/document/E83108.pdf</a>
887 ## - NON-MARC INFORMATION FIELD
Content of non-MARC field {"@id":"btmlh9cn263kp71","modified":"2006-05-17T13:13:35+02:00","checksum":"26541445466"}
Source of data librisxl
942 ## - ADDED ENTRY ELEMENTS (KOHA)
Source of classification or shelving scheme
Koha item type Books
Holdings
Withdrawn status Lost status Source of classification or shelving scheme Damaged status Not for loan Permanent location Current location Date acquired Inventory number Total Checkouts Full call number Barcode Date last seen Price effective from Koha item type
          Ken Walker International University Ken Walker International University 11/26/2020 156   614 H-43 156 11/26/2020 11/26/2020 Books

Powered by Koha